000 00825nam a2200229Ii 4500
003 JO-AjNU
008 230605s9999||||xx |||||||||||||| ||und||
017 _a1994/11128
020 _a977-01-4213-1
040 _aJO-AjNU
_bara
_erda
_cJO-AjNU
041 _aara
050 1 4 _aPJ7858.A33.Y32 2003
100 3 _aتأليف القعيد، يوسف,
_eauthor
_97800
245 0 0 _aيحدث في مصر الآن: الحرب في بر مصر، ج5
264 3 1 _aالقاهرة:مكتبة الأسرة،2003 ؛ مهرجان القراءة للجميع 2003
300 _aج5، 336ص
336 _atext
_btxt
_2rdacontent
337 _aunmediated
_bn
_2rdamedia
338 _avolume
_bnc
_2rdacarrier
490 0 _aسلسلة الأعمال الكاملة
650 4 _a الأدب العربي - مصر - تاريخ ونقد
_97801
999 _aA463
_c4031
_d4031